| 000 | 00731nam a2200145 a 4500 | ||
|---|---|---|---|
| 001 | 000033639 | ||
| 005 | 20200930070415.0 | ||
| 008 | 110902s1837 es 000 0 spa d | ||
| 245 | 0 | 0 |
_aColección de los Viages y Descubrimientos que hicieron por mar los españoles desde fines del siglo XV con varios documentos inéditos concernientes a la historia de la Marina Castellana y de los establecimientos españoles en Indias / _cCoordinada e ilustrada por Martín Fernández de Navarrete. |
| 260 |
_aMadrid : _bImprenta Nacional, _c1837. |
||
| 300 |
_a416p. ; _c23 cm. |
||
| 505 | 0 | _tv. 4 Expediciones al Maluco: Viage de Magallanes y de Elcano | |
| 700 | 1 |
_aFernández de Navarrete, Martín _d1756-1844 _eed. _959113 |
|
| 999 |
_c33130 _d33130 |
||
| 040 | _aDO-SdBNP | ||